| 000 | 00706nam a22002057a 4500 | ||
|---|---|---|---|
| 003 | OSt | ||
| 005 | 20131210103129.0 | ||
| 008 | 131009b xxu||||| |||| 00| 0 eng d | ||
| 040 |
_cCentre de Documentació Montserrat Roig _bcat |
||
| 245 | 0 | 0 |
_aTelevisión _b: una introducción a la teledifusión _cRobert L. Hilliard, compilador ; Tom C. Battin... [et al.] |
| 246 | _aUnderstanding television | ||
| 260 |
_aMéxico _c1969 _bEditores Asociados |
||
| 300 | _a365 p. | ||
| 490 | _aDidàctica Moderna | ||
| 500 | _aPublicada originàriament per Hastings, Publishers, NY. | ||
| 650 | 0 | 4 |
_9597 _aTelevisió |
| 700 | 1 |
_92680 _aHilliard, Robert L. _ecomp. |
|
| 700 | 1 |
_94031 _aBattin, C. Tom |
|
| 942 |
_2udc _cMON |
||
| 999 |
_c6632 _d6632 |
||